LEADER 04211nam 2200601 450 001 9910460625203321 005 20200520144314.0 010 $a1-63157-002-1 035 $a(CKB)3710000000342201 035 $a(OCoLC)902646238 035 $a(CaPaEBR)ebrary11011868 035 $a(CaBNVSL)swl00404654 035 $a(MiAaPQ)EBC1929534 035 $a(Au-PeEL)EBL1929534 035 $a(CaPaEBR)ebr11011868 035 $a(CaONFJC)MIL709177 035 $a(OCoLC)903939214 035 $a(EXLCZ)993710000000342201 100 $a20150131d2015 fy 0 101 0 $aeng 135 $aurcnu|||||||| 181 $2rdacontent 182 $2rdamedia 183 $2rdacarrier 200 10$aThis note's for you $epopular music + advertising = marketing excellence /$fDavid Allan 205 $aFirst edition. 210 1$aNew York, New York (222 East 46th Street, New York, NY 10017) :$cBusiness Expert Press,$d2015. 215 $a1 online resource (202 p.) 225 1 $aDigital and social media marketing and advertising collection,$x2333-8830 311 $a1-322-77895-7 311 $a1-63157-001-3 320 $aIncludes bibliographical references (pages 175-179) and index. 327 $aOpening act: the brands -- Synchronization and transcription licenses -- 1. "Teach the World to Sing" - Coca Cola (1971) -- 2. New Generation - Michael Jackson and Pepsi (1983) -- 3. Grapevine - Motown and the California Raisins (1986) -- 4. "Revolution" - The Beatles and Nike (1987) -- 5. "Be My Baby" - The Ronettes and Levi's (1989) -- 6. "Like A Rock" - Bob Seger and Chevy (1991) -- 7. "Start Me Up" - The Rolling Stones and Microsoft (1995) -- 8. "Desert Rose" - Sting and Jaguar (1999) -- 9. "Pink Moon" - Drake and VW (1999) -- 10. "Find My Baby" - Moby and American Express (2000) -- 11. "Days Go By" - Dirty Vegas and Mitsubishi (2002) -- 12. "Lust for Life" - Iggy Pop and Royal Caribbean (2002) -- 13. "Rock and Roll" - Led Zeppelin and Cadillac (2002) -- 14. The Silhouettes - Various Artists and Apple (2003) -- 15. Angels - Bob Dylan and Victoria's Secret (2004) -- 16. "Love Train" - O'Jays and Coors Light (2005) -- 17. "Back in Black" - AC/DC and The Gap (2006) -- 18. "The Hamsters" - Various Artists and Kia (2008) -- 19. "Lose Yourself" - Eminem and Chrysler (2011) -- 20. Horses and Dogs - Fleetwood Mac, Passenger, and Budweiser (2013 and 2014) -- Encore: The Bands -- Notes -- References -- Index. 330 3 $aFrom Coca-Cola to Chrysler this book takes you behind the curtain of some of the best popular music in advertising campaigns of all time. Did you know that fog played a critical role in the "I'd Like to Teach the World to Sing" campaign, and that the choir had no idea that Eminem was going to show up while they were taping the "Lose Yourself " campaign, or that The Doors were supposed to be in the Cadillac commercials, not Led Zeppelin, until one of The Doors discovered that Cadillac made the Escalade and suddenly declined because he felt it was environmentally unfriendly. This book talks of the people who created the campaigns with the songs we remember the most. Everything from Bob Seger's "Like A Rock" (Chevy Trucks) to LMFAO's Party Rock and the dancing hamsters (Kia). The result is a book that educates and entertains on what made these campaigns excellent and how to make excellent campaigns. This collection of award-winning music in advertising campaigns is not available together anywhere else. It shows where this art in advertising form has been, where it is now, and provides the foundation for where it will go. 410 0$aDigital and social media marketing and advertising collection.$x2333-8830 606 $aMusic in advertising 606 $aSinging commercials 608 $aElectronic books. 610 $aadvertising 610 $acommercials 610 $amarketing 610 $apopular music 615 0$aMusic in advertising. 615 0$aSinging commercials. 676 $a780.2373 700 $aAllan$b David.$0678249 801 0$bMiAaPQ 801 1$bMiAaPQ 801 2$bMiAaPQ 906 $aBOOK 912 $a9910460625203321 996 $aThis note's for you$91895480 997 $aUNINA LEADER 01462nam 2200409Ia 450 001 9910699746503321 005 20110104082751.0 035 $a(CKB)5470000002405482 035 $a(OCoLC)694846639 035 $a(EXLCZ)995470000002405482 100 $a20110104d2010 ua 0 101 0 $aeng 135 $aurmn||||||||| 181 $ctxt$2rdacontent 182 $cc$2rdamedia 183 $acr$2rdacarrier 200 10$aTowards mechanochemistry of fracture and cohesion$b[electronic resource] $egeneral introduction and the simplest model of velcro /$fMichael A. Grinfield and Steven B. Segletes 210 1$aAberdeen Proving Ground, MD :$cArmy Research Laboratory,$d[2010] 215 $a1 online resource (iv, 20 pages) $ccolor illustrations 225 1 $aARL-TR ;$v5309 300 $aTitle from title screen (viewed on Dec. 30, 2010). 300 $a"September 2010." 320 $aIncludes bibliographical references. 517 $aTowards mechanochemistry of fracture and cohesion 606 $aMechanical chemistry 606 $aFracture mechanics 615 0$aMechanical chemistry. 615 0$aFracture mechanics. 700 $aGrinfield$b Michael A$01403488 701 $aSegletes$b Steven B$01392520 712 02$aU.S. Army Research Laboratory. 801 0$bGPO 801 1$bGPO 906 $aBOOK 912 $a9910699746503321 996 $aTowards mechanochemistry of fracture and cohesion$93476312 997 $aUNINA LEADER 01547nam 2200469 450 001 9910795419503321 005 20230814215426.0 010 $a1-947083-41-4 035 $a(CKB)4340000000258383 035 $a(MiAaPQ)EBC5317920 035 $a(Au-PeEL)EBL5317920 035 $a(CaPaEBR)ebr11523905 035 $a(OCoLC)1028940845 035 $a(EXLCZ)994340000000258383 100 $a20220516d2018 uy 0 101 0 $aeng 135 $aurcnu|||||||| 181 $ctxt$2rdacontent 182 $cc$2rdamedia 183 $acr$2rdacarrier 200 10$aClinical examination and applied medicine /$fMushtaq Haroon 205 $a1st ed. 210 1$aNew York, New York :$cMomentum Press, LLC,$d[2018] 210 4$dİ2018 215 $a1 online resource (134 pages) 225 1 $aGastroenterology series ;$vVolume II 225 0 $aHealth education collection 300 $aIncludes index. 311 $a1-947083-40-6 327 $aCover -- Contents -- Part I: Radiology Section -- Part II: Endoscopy Section -- Part III: Picture Quiz, MCQs, and Brief Information -- Index -- Adpage -- Backcover. 410 0$aGastroenterology series ;$vVolume II. 606 $aGastrointestinal system$xExamination 615 0$aGastrointestinal system$xExamination. 676 $a616.30754 700 $aHaroon$b Mushtaq$01525282 801 0$bMiAaPQ 801 1$bMiAaPQ 801 2$bMiAaPQ 906 $aBOOK 912 $a9910795419503321 996 $aClinical examination and applied medicine$93766564 997 $aUNINA